000 01173nam0a2200337 4500
001 RU\NLR\bibl\169590
005 20260406061117.0
010 _a5-89394-052-0
_91000
021 _aRU
_b2001-10727
_9509
035 _a(NLR Aleph) 000166385
090 _a957928
_c957928
100 _a20010525d2000 |||y0rusy50 ca
101 0 _arus
102 _aRU
105 _aa |||||||||
200 1 _aМоя еврейская судьба
_e[Роман. Повести]
_fШер
_g[Ил. авт.]
210 _aМ.
_cБ.и.
_d2000
215 _a381,[1] с.
_cил.
_d22
327 1 _aСодерж.: Моя еврейская судьба: Роман; Повести: Линия жизни; Комната тихих игр; Конфетти
675 _a821.161.1-31Шер
_v3
_zrus
686 _a17.82
_2rugasnti
686 _a84(2Рос=Рус)6-44
_2rubbk
686 _aШ6(2=Р)75-440.4
700 0 _4070
_8rus
_7ca
_aШер
_cпсевдоним
_f1958-
_3RU\NLR\AUTH\7711343
_9121093
801 0 _aRU
_bRKP
_c20010525
_gPSBO
801 1 _aRU
_bRKP
_c20010525
801 2 _aRU
_bNLR
_c20130927
_grcr
942 _cBOOK
980 _aNB